Využívanie vybraných daňových príjmov na ochranu životného prostredia
Príspevok poukazuje na zavádzanie environmentálnych daní v daňových systémoch štátov Európskej únie a v Slovenskej republike. Ako ovplyvní ich implementácia výšku príjmovej stránky rozpočtu a udržateľnosť verejných financií. Jednou z hlavných prekážok implementácie environmentálnych daní do daňových...
Guardado en:
| Autor principal: | |
|---|---|
| Formato: | Capítulo de libro |
| Lenguaje: | eslovaco |
| Materias: | |
| Etiquetas: |
Sin Etiquetas, Sea el primero en etiquetar este registro!
|
MARC
| LEADER | 00000nla a2200000 4500 | ||
|---|---|---|---|
| 001 | 0183832 | ||
| 005 | 20240502073140.3 | ||
| 041 | 0 | |a slo | |
| 044 | |a SK | ||
| 245 | 1 | 0 | |a Využívanie vybraných daňových príjmov na ochranu životného prostredia |c Juraj Válek |
| 520 | |a Príspevok poukazuje na zavádzanie environmentálnych daní v daňových systémoch štátov Európskej únie a v Slovenskej republike. Ako ovplyvní ich implementácia výšku príjmovej stránky rozpočtu a udržateľnosť verejných financií. Jednou z hlavných prekážok implementácie environmentálnych daní do daňových sústav je obava zo straty konkurencieschopnosti, keďže environmentálne dane sú pre podniky dodatočnými daňovými platbami, ktoré generujú náklady. | ||
| 610 | 2 | 0 | |a dane ekologické |
| 610 | 2 | 0 | |a emisie |
| 610 | 2 | 0 | |a ochrana prostredia životného |
| 610 | 2 | 0 | |a politika environmentálna |
| 610 | 2 | 0 | |a financie verejné |
| 610 | 2 | 0 | |a firmy |
| 610 | 2 | 0 | |a Európska únia |
| 610 | 2 | 0 | |a Slovensko |
| 100 | 1 | |a Válek, Juraj, 1981- | |